000 00721nam a2200205Ia 4500
003 GCL
008 140319s9999 xx 000 0 ara d
040 _aGCL /
_cGCL
082 0 4 _a070.594
_bح د
100 1 _aحسناء محمود محجوب
245 1 0 _aدراسات عن مؤسسات النشر فى العصر الحديث او زهور من حديقة الناشرين /
_cحسناء محمود محجوب
260 _aالقاهرة :
_bدار الثقافة العلمية ،
_c2002
300 _a287 ص ؛
_c24 سم
650 0 4 _aنشر الكتب
650 0 4 _aالنشر
650 0 4 _aالإنترنت
650 0 4 _aالناشرون العرب
650 0 4 _aمؤسسات النشر
942 _2ddc
_cBK
999 _c6027
_d6027